000
00250nam a22001217a 4500
003
SGT
082
_a
823.92
_b
BLY
100
_a
BLYTON GUID
245
_a
THE SECRET SEVEN
260
_a
LONDON
_b
HODDER PUB
_c
2015
300
_a
117
942
_2
ddc
_c
BK
999
_c
33861
_d
33861